00713nam a2200241Ia 4500001000600000003000900006008004100015040001300056040001300069041001300082100001700095100002900112245002700141245001300168250001100181260001100192260001600203260004900219300005900268500008900327650002400416650003100440 9822IT-RoPAU130308s9999 xx 000 0 und d aIT-RoPAU cIT-RoPAU aITALIANO aRicoeur Paul gCodice Aut. SPICS: 2052 aMetafora e ermeneutica bMetafora a1a ed. aMILANO bFeltrinelli c1981 [1° Ed.:1981 - Ed.Ling.Originale:1974] a"19 p. (prefazione: no ; testo: 19 [pagine: 152-170])" aTesto e Metafora Come Discorso spiegazione e Metafora Dall'Ermeneutica Alla Metafora aSAGGI DI SEMIOLOGIA eCodice materia Spics: 3257